000 00739nam a2200217 a 4500
001 000028365
003 OSt
005 20240305082246.0
008 110408s1984 dr ac 000 0 spa d
040 _aDO-SdBNP
_bspa
_cBNPHU
049 _aBNPD
082 _axxx
_bP438i
100 1 _aPérez Memén, Fernando,
_d1943-
_938744
245 1 0 _aLa Iglesia Católica en el pensamiento constitucional dominicano /
_cFernando Pérez Memén.
260 _aSanto Domingo :
_bMuseo del Hombre Dominicano,
_c1984.
300 _a19 p. :
_bil., retrs. ;
_c23 cm.
490 1 _aCiclo de conferencias, pensamiento dominicano
_v3
504 _aBibliografía : p. 19
830 0 _aCiclo de conferencias, pensamiento dominicano
_v3
_955334
942 _2ddc
_cLF1
999 _c27857
_d27857